Woman critiqued : translated essays on Japanese women's writing /
'Women Critiqued' offers English-language readers access to some of the salient critiques that have been directed at women writers, on the one hand, and reactions to these by women writers, on the other.
| Clasificación: | Libro Electrónico |
|---|---|
| Otros Autores: | |
| Formato: | Electrónico eBook |
| Idioma: | Inglés Japonés |
| Publicado: |
Honolulu :
University of Hawai'i Press,
©2006.
©2006 |
| Temas: | |
| Acceso en línea: | Texto completo |
MARC
| LEADER | 00000cam a2200000 a 4500 | ||
|---|---|---|---|
| 001 | JSTOR_ocn607868898 | ||
| 003 | OCoLC | ||
| 005 | 20231005004200.0 | ||
| 006 | m o d | ||
| 007 | cr bn||||||abp | ||
| 007 | cr bn||||||ada | ||
| 008 | 100419s2006 hiu ob s001 0 eng d | ||
| 040 | |a OCLCE |b eng |e pn |c OCLCE |d OCLCQ |d OCLCO |d OCLCQ |d AU@ |d P@U |d OCLCF |d N$T |d OCLCO |d JSTOR |d YDXCP |d E7B |d COO |d OCLCO |d EBLCP |d OCLCQ |d OCLCO |d OCLCQ |d OCL |d LOA |d OCLCO |d CUS |d OCLCO |d OCLCQ |d OCLCO |d OCLCA |d AGLDB |d MERUC |d IOG |d OCLCA |d EZ9 |d DEGRU |d OCLCQ |d VTS |d OCLCQ |d LVT |d STF |d U3W |d M8D |d OCLCQ |d OCLCO |d KCP |d OCLCQ |d YDX |d UKSSU |d MM9 |d AJS |d OCLCQ |d OCLCO |d LDP |d EUN |d OCLCO |d OCLCQ |d OCLCO |d OCL |d OCLCQ | ||
| 019 | |a 777468801 |a 875895274 |a 878137523 |a 960204448 |a 968306255 |a 978483758 |a 978849971 |a 1024052148 |a 1029827852 |a 1032687950 |a 1037981154 |a 1041992592 |a 1046613961 |a 1047019100 |a 1048749946 |a 1049690258 |a 1054873597 |a 1058458670 |a 1064493816 |a 1089406906 |a 1119007681 |a 1126041058 |a 1126075005 |a 1154952822 |a 1156895253 | ||
| 020 | |a 9780824865627 |q (electronic bk.) | ||
| 020 | |a 0824865626 |q (electronic bk.) | ||
| 020 | |z 0824829581 |q (hardcover ; |q alk. paper) | ||
| 020 | |z 9780824829582 |q (hardcover ; |q alk. paper) | ||
| 020 | |z 0824830385 |q (pbk. ; |q alk. paper) | ||
| 020 | |z 9780824830380 |q (pbk. ; |q alk. paper) | ||
| 024 | 7 | |a 10.21313/9780824865627 |2 doi | |
| 029 | 1 | |a AU@ |b 000048564584 | |
| 029 | 1 | |a AU@ |b 000054172591 | |
| 029 | 1 | |a AU@ |b 000062421011 | |
| 029 | 1 | |a DEBBG |b BV043091273 | |
| 029 | 1 | |a DEBSZ |b 421212462 | |
| 029 | 1 | |a GBVCP |b 1003625789 | |
| 035 | |a (OCoLC)607868898 |z (OCoLC)777468801 |z (OCoLC)875895274 |z (OCoLC)878137523 |z (OCoLC)960204448 |z (OCoLC)968306255 |z (OCoLC)978483758 |z (OCoLC)978849971 |z (OCoLC)1024052148 |z (OCoLC)1029827852 |z (OCoLC)1032687950 |z (OCoLC)1037981154 |z (OCoLC)1041992592 |z (OCoLC)1046613961 |z (OCoLC)1047019100 |z (OCoLC)1048749946 |z (OCoLC)1049690258 |z (OCoLC)1054873597 |z (OCoLC)1058458670 |z (OCoLC)1064493816 |z (OCoLC)1089406906 |z (OCoLC)1119007681 |z (OCoLC)1126041058 |z (OCoLC)1126075005 |z (OCoLC)1154952822 |z (OCoLC)1156895253 | ||
| 037 | |a 22573/ctt62nn5j |b JSTOR | ||
| 041 | 1 | |a eng |h jpn | |
| 042 | |a dlr | ||
| 043 | |a a-ja--- | ||
| 050 | 4 | |a PL725 |b .W66 2006 | |
| 072 | 7 | |a LIT |x 008000 |2 bisacsh | |
| 072 | 7 | |a LIT008030 |2 bisacsh | |
| 072 | 7 | |a LIT004290 |2 bisacsh | |
| 082 | 0 | 4 | |a 895.6/0992870904 |2 22 |
| 084 | |a 18.87 |2 bcl | ||
| 084 | |a EI 4935 |2 rvk | ||
| 084 | |a EI 5176 |2 rvk | ||
| 084 | |a EI 5179 |2 rvk | ||
| 049 | |a UAMI | ||
| 245 | 0 | 0 | |a Woman critiqued : |b translated essays on Japanese women's writing / |c Rebecca L. Copeland, editor. |
| 260 | |a Honolulu : |b University of Hawai'i Press, |c ©2006. | ||
| 264 | 4 | |c ©2006 | |
| 300 | |a 1 online resource (x, 281 pages) | ||
| 336 | |a text |b txt |2 rdacontent | ||
| 337 | |a computer |b c |2 rdamedia | ||
| 338 | |a online resource |b cr |2 rdacarrier | ||
| 347 | |a text file | ||
| 347 | |b PDF | ||
| 504 | |a Includes bibliographical references (pages 253-271) and index. | ||
| 546 | |a Translated from the Japanese. | ||
| 506 | |3 Use copy |f Restrictions unspecified |2 star |5 MiAaHDL | ||
| 533 | |a Electronic reproduction. |b [Place of publication not identified] : |c HathiTrust Digital Library, |d 2010. |5 MiAaHDL | ||
| 538 | |a Master and use copy. Digital master created according to Benchmark for Faithful Digital Reproductions of Monographs and Serials, Version 1. Digital Library Federation, December 2002. |u http://purl.oclc.org/DLF/benchrepro0212 |5 MiAaHDL | ||
| 583 | 1 | |a digitized |c 2010 |h HathiTrust Digital Library |l committed to preserve |2 pda |5 MiAaHDL | |
| 588 | 0 | |a Print version record. | |
| 520 | 8 | |a 'Women Critiqued' offers English-language readers access to some of the salient critiques that have been directed at women writers, on the one hand, and reactions to these by women writers, on the other. | |
| 505 | 0 | 0 | |t Frontmatter -- |t Contents -- |t Preface -- |t A Century Of Reading Women'S Writing In Japan. An Introduction / |r Copeland, Rebecca L -- |t Chapter 1: The Feminine Critique: ''Womanliness'' And Thewomanwriter / |r Copeland, Rebecca L. -- |t Chapter 2: The Essentialwomanwriter / |r Bardsley, Jan -- |t Chapter 3: The Narcissisticwomanwriter / |r Aoyama, Tomoko / Hartley, Barbara -- |t Chapter 4: The Resistingwomanwriter / |r Ericson, Joan E. -- |t Chapter 5:Womenwriters And Alternative Critiques / |r Seaman, Amanda -- |t Chapter 6:Women Critiquing Men:Watching The Ripples On The Pond / |r Copeland, Rebecca L. -- |t Glossary Of Names And Terms -- |t Bibliography -- |t Recommended Further Reading -- |t About The Contributors -- |t Index. |
| 590 | |a JSTOR |b Books at JSTOR All Purchased | ||
| 590 | |a JSTOR |b Books at JSTOR Demand Driven Acquisitions (DDA) | ||
| 590 | |a JSTOR |b Books at JSTOR Evidence Based Acquisitions | ||
| 650 | 0 | |a Japanese literature |x Women authors |x History and criticism. | |
| 650 | 0 | |a Japanese literature |y 20th century |x History and criticism. | |
| 650 | 0 | |a Women authors, Japanese |y 20th century. | |
| 650 | 0 | |a Japanese literature |y 1868- |x History and criticism. | |
| 650 | 6 | |a Écrits de femmes japonais |x Histoire et critique | |
| 650 | 6 | |a Littérature japonaise |y 20e siècle |x Histoire et critique. | |
| 650 | 6 | |a Littérature japonaise |y 1868- |x Histoire et critique. | |
| 650 | 6 | |a Écrivaines japonaises |y 20e siècle. | |
| 650 | 7 | |a LITERARY CRITICISM |x Asian |x General. |2 bisacsh | |
| 650 | 7 | |a LITERARY CRITICISM |x Asian |x Japanese. |2 bisacsh | |
| 650 | 7 | |a Japanese literature. |2 fast |0 (OCoLC)fst00981803 | |
| 650 | 7 | |a Japanese literature |x Women authors. |2 fast |0 (OCoLC)fst00981863 | |
| 650 | 7 | |a Women authors, Japanese. |2 fast |0 (OCoLC)fst01177292 | |
| 650 | 7 | |a Literaturtheorie |2 gnd | |
| 650 | 7 | |a Schriftstellerin |2 gnd | |
| 651 | 7 | |a Japan |2 gnd | |
| 651 | 7 | |a Japanisch. |2 swd | |
| 648 | 7 | |a Since 1868 |2 fast | |
| 655 | 7 | |a Criticism, interpretation, etc. |2 fast |0 (OCoLC)fst01411635 | |
| 700 | 1 | |a Copeland, Rebecca L., |d 1956- |e editor. | |
| 776 | 0 | 8 | |i Print version: |t Woman critiqued. |d Honolulu : University of Hawai'i Press, ©2006 |z 0824829581 |w (DLC) 2005025329 |w (OCoLC)61458235 |
| 856 | 4 | 0 | |u https://jstor.uam.elogim.com/stable/10.2307/j.ctt6wqj35 |z Texto completo |
| 938 | |a De Gruyter |b DEGR |n 9780824865627 | ||
| 938 | |a EBL - Ebook Library |b EBLB |n EBL3413649 | ||
| 938 | |a ebrary |b EBRY |n ebr10855256 | ||
| 938 | |a EBSCOhost |b EBSC |n 750659 | ||
| 938 | |a Project MUSE |b MUSE |n muse11364 | ||
| 938 | |a YBP Library Services |b YANK |n 10382774 | ||
| 994 | |a 92 |b IZTAP | ||


